000 01307nam a2200349 a 4500
999 _c1578
_d1578
001 ocm60886266
003 OCoLC
005 20210629061135.0
008 040714s2006 maua b 001 0 eng
010 _a2004110351
020 _a0618474021
035 _a(OCoLC)60886266
_z(OCoLC)991948565
_z(OCoLC)1049126928
_z(OCoLC)1063965641
_z(OCoLC)1066923633
_z(OCoLC)1078015581
_z(OCoLC)1083421673
_z(OCoLC)1084830436
040 _aDLC
_beng
_cDLC
_dMZ5
_dBAKER
_dUOH
049 _aUOHA
050 0 0 _aLC4704
_b.L48 2006
082 0 0 _a371.9
_222
090 _aLC4704 .L48 2006
100 1 _aLerner, Janet W.
245 1 0 _aLearning disabilities and related disorders :
_bcharacteristics and teaching strategies /
_cJanet W. Lerner with Frank Kline.
250 _a10th ed.
260 _aBoston :
_bHoughton Mifflin,
_cc2006.
300 _axxvii, 549, 19, 10, 24, 22 p. :
_bill. ;
_c24 cm.
500 _aTitle of 9th ed.: Learning disabilities : theories, diagnois, and teaching strategies.
504 _aIncludes bibliographical references (R/1-R/24) and indexes.
650 0 _aLearning disabilities.
650 0 _aLearning disabled children
_xEducation.
700 1 _aKline, Frank.
700 1 _aLerner, Janet W.
_tLearning disabilities.
907 _a.b27637037
942 _2lcc
_cBK
_nJE